| 000 | 01459cam a22003857a 4500 | ||
|---|---|---|---|
| 003 | CHAP | ||
| 005 | 20220329142722.0 | ||
| 008 | 030130d2002 mx a r 00110 spa d | ||
| 010 | _a86799 | ||
| 011 | _a87771 | ||
| 035 | _a98315 | ||
| 040 | _cCHAP | ||
| 090 | _aTesis | ||
| 100 | 0 | 0 |
_aBello Gómez, Joel Oscar. _911398 |
| 245 | 1 | 0 |
_aEvaluación técnico-financiera de la producción del jitomate (Lycopersicon esculentum Mill.) en hidroponia y en suelo bajo condiciones de invernadero en Libres, Puebla _c/por Joel Oscar, Bello Gómez |
| 260 |
_aChapingo, Méx. : _bEl autor, _c2002. |
||
| 300 |
_a81 h. ; _bilus. |
||
| 502 | _aTesis (Ing. Agr. Esp. en Fitotecnia) UACH. Departamento de Fitotecnia | ||
| 590 |
_aALEPH _b10 _c20130110 _lUCH01 _h1451 |
||
| 590 |
_aBATCH-UPD _b10 _c20130110 _lUCH01 _h0739 |
||
| 590 |
_aBATCH-UPD _b10 _c20130110 _lUCH01 _h2352 |
||
| 590 |
_aBATCH-UPD _b10 _c20130410 _lUCH01 _h0421 |
||
| 590 |
_aBATCH-UPD _b10 _c20130914 _lUCH01 _h1130 |
||
| 590 |
_aCONVERSION _b10 _c20130109 _lUCH01 _h1348 |
||
| 650 | 1 | 4 |
_aCultivos en invernadero. _930376 |
| 650 | 1 | 4 |
_aHidroponía. _955280 |
| 650 | 1 | 4 |
_aTomate. _9113672 |
| 650 | 1 | 4 |
_aTomate _xAspectos económicos _zPuebla. _9113689 |
| 650 | 1 | 4 |
_aTomate _xCostos de producción. _9113701 |
| 901 | _aBK | ||
| 905 | _aMayto Villalobos S. | ||
| 942 | _cFOLL | ||
| 949 |
_aTesis _bBC _cTES _d33724000883518 _eTS2 _fc.2 _h40371 _i98315 _si |
||
| 949 |
_aTesis _bBC _cTES _d98315123 _eTS1 _h40372 _i98315 _sb |
||
| 999 |
_c86799 _d86799 |
||